Ako na zubáča...

Bibliographic Details
Main Author: J.Z (Author)
Format: Article
Language:Slovak
PhysicalDescription:Fotogr. 2, obr. 7
ISSN:0231-8768
Subjects:

MARC

LEADER 00000nab a2200000 a 4500
001 vtls000567813
003 SK-MaSNL
005 20260304094939.0
008 250425c1995 xo 0 slo
015 |a SNBRB19rr/mm-uuuuu 
035 |a CL0567951 
035 |a urn:nbn:sk:snk-abepdm 
035 |a (urnnbn)urn:nbn:sk:snk:ar-00710w 
035 |a (uuid)ef678a1f-bfe5-435a-90fa-720412014423 
040 |a SNKBUCL  |b slo  |c SNKBUCL  |e AACR2 
041 0 |a slo 
044 |a xo  |c SK 
080 |a 639.216.4  |2 1981 
100 1 |a J.Z.  |4 aut  |9 852742 
245 1 0 |a Ako na zubáča...  |c J. Z. 
300 |b Fotogr. 2, obr. 7 
650 0 7 |a zubáče  |2 snkbucl  |9 82011 
655 7 |a články z novín a časopisov  |2 snkbucl  |9 267496 
773 0 |t Poľovníctvo a rybárstvo  |g Roč. 47, č. 11 (1995), s. 30-31  |x 0231-8768 
850 |a Slovenská národná knižnica 
852 |a Slovenská národná knižnica 
954 |a odborná, vedecká literatúra pôvodná (slovenská)  |2 lita 
958 |a article27 
958 |a RK 
958 |a OND 
958 |a EUIPO 
992 |a RBX 
999 |c 2829896  |d 2831826